000 00539nam a2200229Ia 4500
003 OSt
005 20220923230744.0
006 a|||||r|||| 00| 0
007 ta
008 Pun
024 _a305,314
037 _cTextual
040 _aARTS
_cARTS
_bPun
041 _2Pun
_aPun
082 _aV2:51wN, 153N1
100 _aਭਜਨ ਸਿੰਘ
245 0 _aਸਾਡੇ Fਹੀਦ
260 _c1991
650 _aਧਰਮ
942 _hV2:51wN, 153N1
_cTEXL
_2CC
999 _c387117
_d387117